00671nam a22001817a 4500003001100000005001700011008004100028020001800069040003900087041000800126082001700134245010000151260004100251260005700292300005500349650003600404650004900440LK-CoMWRAF20231211101549.0231211b2014 |||||||| |||| 00| 0 eng d a9789551041526 aLK-CoMWRAFdLK-CoMWRAFeLK-CoMWRAF aeng a363.325bISS a Issues of truth and accountability : narrative iii : bthe last stages of the war in Sri Lanka aEthul Kotte;bMarga Institute,c2014 aColombo:bConsortium of Humanitarian Agencies,c2014 a vi, 150 p. : ill. (colour), maps (colour) ; 23 cm aSri Lanka- History- Civil War  aTamil (Indic people) Politics and government